000 00649nam a2200265Ia 4500
005 20260121165459.0
008 008 260114s9999 xx 000 0 eng d
020 _a9783658114244
037 _aEBOOK
040 _aCRL
040 _beng
040 _cCRL
041 _2eng
041 _aeng
084 _qCRL
100 _aJohanna Maria Ticar
_91052243
245 0 _a3D Analysis of the Myocardial Microstructure
260 _bSpringer
260 _bSpringer
260 _c2016
856 _uhttps://link.springer.com/openurl?genre=book&isbn=978-3-658-11424-4
942 _cEBOOK
999 _c1617968
_d1617968